Normal view
MARC view
Entry Personal Name
001 - CONTROL NUMBER
- control field: 1172688
003 - CONTROL NUMBER IDENTIFIER
- control field: OSt
005 - DATE AND TIME OF LATEST TRANSACTION
- control field: 20260324124047.0
008 - FIXED-LENGTH DATA ELEMENTS
- fixed length control field: 260324|| aca||aabn | a|a d
040 ## - CATALOGING SOURCE
- Original cataloging agency: OSt
- Transcribing agency: OSt
100 ## - HEADING--PERSONAL NAME
- Personal name: Katherine Mannheimer
670 ## - SOURCE DATA FOUND
- Source citation: Work cat.: (OSt)1766759: Katherine Mannheimer, Print, Visuality, and Gender in Eighteenth-Century Satire
